| 000 | 01169nam a22003137a 4500 | ||
|---|---|---|---|
| 001 | 6528 | ||
| 003 | FISKH | ||
| 005 | 20251125162210.0 | ||
| 008 | 250508b cb ||||| |||| 00| 0 eng d | ||
| 020 | _a9780545417983 | ||
| 040 |
_aBTCTA _beng _cBTCTA _dBDX _dWIM _dCXP _dJQJ _dGO3 _dT7R _dJST _dUPZ _dDLC |
||
| 050 | _aPZ7.S86037 P | ||
| 082 | _a813.54 | ||
| 100 | 1 |
_aStine, R. L. _d(1943-) |
|
| 245 | 1 | 0 |
_aPlanet of the lawn gnomes / _cR.L. Stine. |
| 250 | _aThis edition first published in 2012 | ||
| 260 |
_aNew York : _bScholastic, _c2012. |
||
| 300 |
_a125 pages : _c20 cm. |
||
| 490 | 0 |
_aGoosebumps most wanted ; _v1 |
|
| 505 | _aG | ||
| 520 | _aWhen his mischievous antics get so bad that his family is forced to move, Jay Gardner arrives in a new neighborhood where all of the houses have lawn gnomes and people are afraid to go out at night, a situation that leads to a horrific discovery. | ||
| 521 |
_a400
_bLexile |
||
| 521 |
_aG
_bRaz-Plus |
||
| 650 | 0 |
_aGarden ornaments and furniture _vJuvenile fiction. |
|
| 650 | 0 |
_aGnomes _vJuvenile fiction. |
|
| 906 |
_a7 _bcbc _ccopycat _d2 _encip _f20 _gy-gencatlg |
||
| 942 |
_2ddc _cBK _n0 |
||
| 999 |
_c6528 _d6528 |
||